000 00819nam a22001937a 4500
999 _c58199
_d58199
003 Ge_BSU
005 20210910130442.0
008 210910s1999 ge ||||| |||| 00| 0 geo d
020 _a9992800135
041 _ageo
080 _a821.353.1-4 ბ-25
100 _aბარბაქაძე, დათო
_912446
245 _aშეჯამების უარყოფა :
_bცამეტი ლექსი, სამი ესსე და კიდევ ერთი ლექსი /
_cდათო ბარბაქაძე.
264 _aთბ. :
_bმერწყული,
_c1999.
300 _a113 გვ. ;
_b20 სმ.
500 _aწიგბის გამოცემა დააფინასა გია ბუღაძემ
653 _aლექსები
942 _2udc
_cBK